=LDR 00000nam 2200000 4500 =001 INLIS000000000028109 =005 20130612130433 =008 ***********************************Ind** =035 ##$$0010-061300000028109 =041 ##$$a Ind =082 ##$$a F Rom K =090 ##$$a F Rom K, Mim m =245 ##$$a Mimpi indah =260 ##$$a S.a] $b [S.l] =300 ##$$a 200 hlm, ilus, 15 cm =650 ##$$a fiksi Kanak-kanak =850 ##$$a NBPNMAT